Swamy compilation on reservation ad concessions (Record no. 1679803)

MARC details
000 -LEADER
fixed length control field 01053 a2200289 4500
005 - DATE AND TIME OF LATEST TRANSACTION
control field 20260421163543.0
008 - FIXED-LENGTH DATA ELEMENTS--GENERAL INFORMATION
fixed length control field 260421b |||||||| |||| 00| 0 eng d
020 ## - INTERNATIONAL STANDARD BOOK NUMBER
International Standard Book Number 9788198159854 (Part A) (pbk)
037 ## - SOURCE OF ACQUISITION
Terms of availability REF
040 ## - CATALOGING SOURCE
Original cataloging agency CRL
Transcribing agency CRL
041 ## - LANGUAGE CODE
Source of code eng
Language code of text/sound track or separate title eng
084 ## - COLON CLASSIFICATION NUMBER
Classification number X.95 R3.1-.2 (RR)
Assigning agency CRL
100 ## - MAIN ENTRY--PERSONAL NAME
Personal name Muthuswamy
245 ## - TITLE STATEMENT
Title Swamy compilation on reservation ad concessions
260 ## - PUBLICATION, DISTRIBUTION, ETC.
Place of publication, distribution, etc. Chennai, India:
Name of publisher, distributor, etc. Swamy Publishers,
Date of publication, distribution, etc. 2023.
300 ## - PHYSICAL DESCRIPTION
Extent Part A (xxii, 1-746p.), Part B (x, 1-1093p.)
365 ## - TRADE PRICE
Price amount Part A - 1000.00
Currency code INR
365 ## - TRADE PRICE
Price amount Part B - 1400.00
Currency code INR
440 ## - SERIES STATEMENT/ADDED ENTRY--TITLE
Volume/sequential designation Part (A-B)
650 ## - SUBJECT ADDED ENTRY--TOPICAL TERM
Topical term or geographic name entry element Economics
650 ## - SUBJECT ADDED ENTRY--TOPICAL TERM
Topical term or geographic name entry element Employment and Service
700 ## - ADDED ENTRY--PERSONAL NAME
Personal name Brinda
Relator term author.
9 (RLIN) 1235303
700 ## - ADDED ENTRY--PERSONAL NAME
Personal name Sanjeev
Relator term author.
942 ## - ADDED ENTRY ELEMENTS (KOHA)
Koha item type Reference
Source of classification or shelving scheme Colon Classification (CC)
Classification part X.95 R3.1-.2 (RR)
Holdings
Withdrawn status Lost status Source of classification or shelving scheme Damaged status Not for loan Home library Current library Date acquired Source of acquisition Cost, normal purchase price Serial Enumeration / chronology Inventory number Total Checkouts Full call number Barcode Date last seen Cost, replacement price Price effective from Koha item type
    Colon Classification (CC)     Central Library Central Library 2026-02-20 4/ Classic Book Service 900.00 Part A 287 & 2026-02-18   X.95 R3.1 CL1926578 2026-02-20 1000.00 2026-02-20 Reference
Copyright @ Delhi University Library System